La izquierda Guatemalteca: Estado actual, desafíos y perspectivas /

محفوظ في:
التفاصيل البيبلوغرافية
المؤلف الرئيسي: Rosales Román, Ricardo
التنسيق: نص
الموضوعات:
الوسوم: إضافة وسم
لا توجد وسوم, كن أول من يضع وسما على هذه التسجيلة!

MARC

LEADER 00000 a a2200000 04500
001 45484
003
040
090 |a REV0780 (43)2005  
100 |a Rosales Román, Ricardo  
245 |a La izquierda Guatemalteca:   |b Estado actual, desafíos y perspectivas /  |c Ricardo Rosales Román  
650 |a SOCIALISMO  
650 |a GUATEMALA  
773 |g número45, VI Epoca (2005), páginas 144-163  
999 |c 18177  |d 18177